000 00521nam a2200193Ia 4500
003 LK-CoDNM
008 010623t1918 xxu||||| |||| 00| 1 eng d
040 _aLK-CoDNM
_dLK-CoDNM
_eLK-CoDNM
041 _aeng
080 _a50
_bC11
100 _aBurren,J.K.Van
_eed.
245 _aThe Peradeniyan : Magazine of the School of Tropical Agriculture
260 _bMiller Company
_aKandy
_c1918
300 _b51P,1ill., 20 cm
650 _aAgriculture
650 _aSorghums
700 _aSenathirajah,N
_eed.
942 _cBK
999 _c89447
_d89447